00230nam a2200097 a 4500001000500000005001700005008004100022050002100063100001600084245003200100414020140414131957.0090218s19uu xx 00 eng d aTR 550bOr5 2003 aOrme, Helen aWhat are rainbows made of?.